Joseph Andrews (notes)
Đã lưu trong:
| Tác giả chính: | |
|---|---|
| Định dạng: | Sách |
| Ngôn ngữ: | Undetermined |
| Được phát hành: |
London
Lincoln
1963
|
| Những chủ đề: | |
| Các nhãn: |
Thêm thẻ
Không có thẻ, Là người đầu tiên thẻ bản ghi này!
|
| Thư viện lưu trữ: | Trung tâm Học liệu Trường Đại học Cần Thơ |
|---|
| LEADER | 00492nam a2200181Ia 4500 | ||
|---|---|---|---|
| 001 | CTU_16131 | ||
| 008 | 210402s9999 xx 000 0 und d | ||
| 082 | |a 823.6 | ||
| 082 | |b F454j | ||
| 100 | |a Henry Fielding | ||
| 245 | 0 | |a Joseph Andrews (notes) | |
| 245 | 0 | |c Henry Fielding | |
| 260 | |a London | ||
| 260 | |b Lincoln | ||
| 260 | |c 1963 | ||
| 650 | |a english fiction,english literature - 18th century | ||
| 904 | |i Minh, 970513 | ||
| 980 | |a Trung tâm Học liệu Trường Đại học Cần Thơ | ||